000 00401nam a2200145 a 4500
001 000036275
005 20200930075637.0
008 120112s1957 fr 000 0 spa d
040 _aDO-SdBNP
_bspa
_cBNPHU
082 _axxx
_bC211
100 1 _aCamus, Albert,
_d1913-1960
_94231
245 1 0 _aL' exil et le royaume /
_cAlbert Camus.
260 _aParis :
_bGallimard,
_c1957.
300 _a188 p. ;
_c17 cm.
999 _c35766
_d35766